| 000 | 00354nam a2200145Ia 4500 | ||
|---|---|---|---|
| 008 | 150201s2010 xx 000 0 und d | ||
| 082 |
_a617.692 _bP2008F |
||
| 100 | _aFRADEANI M. | ||
| 245 | _aPROSTHETIC TREATMENT | ||
| 250 | _a1ST | ||
| 260 |
_bQUINTESSENCE PUBLICATION _aDELHI _c2010 |
||
| 300 | _a1-600 | ||
| 650 | _aPROSTHODONTICS | ||
| 942 |
_2ddc _cBK |
||
| 999 |
_c4595 _d4595 |
||